000 00396cam a22001337a 4500
008 180718b1996 xxu||||| |||| 00| 0 eng d
082 _aAB2x54 M313
100 _aMangalwadi, Vishal
245 _aMissionary conspiracy: letters to a postmodern Hindu
_cby Vishal Managalwadi
260 _aMussoorie
_bGood Books
_c1996
300 _a524p.
650 _aReligion - India
650 _aMissions - India
999 _c382561
_d382561